1001 ideas for floors : (Record no. 608068)
[ view plain ]
| 000 -LEADER | |
|---|---|
| fixed length control field | 00728nam a22002297a 4500 |
| 003 - CONTROL NUMBER IDENTIFIER | |
| control field | OSt |
| 005 - DATE AND TIME OF LATEST TRANSACTION | |
| control field | 20240223101950.0 |
| 008 - FIXED-LENGTH DATA ELEMENTS--GENERAL INFORMATION | |
| fixed length control field | 170322t xxu||||| |||| 00| 0 eng d |
| 020 ## - INTERNATIONAL STANDARD BOOK NUMBER | |
| International Standard Book Number | 9781845432249 |
| 040 ## - CATALOGING SOURCE | |
| Transcribing agency | 0 |
| 082 ## - DEWEY DECIMAL CLASSIFICATION NUMBER | |
| Classification number | 747.4 |
| Author Mark | CAL |
| 100 1# - MAIN ENTRY--PERSONAL NAME | |
| Personal name | Callery, Emma |
| 9 (RLIN) | 121203 |
| 245 10 - TITLE STATEMENT | |
| Title | 1001 ideas for floors : |
| Remainder of title | flooring solutions for every room. |
| Statement of responsibility, etc. | Emma Callery |
| 246 10 - VARYING FORM OF TITLE | |
| Title proper/short title | One thousand and one ideas for floors |
| 260 ## - PUBLICATION, DISTRIBUTION, ETC. | |
| Place of publication, distribution, etc. | London, |
| Name of publisher, distributor, etc. | Apple prees, |
| Date of publication, distribution, etc. | 2008. |
| 300 ## - PHYSICAL DESCRIPTION | |
| Extent | 240 p.: |
| Other physical details | ill; |
| Dimensions | 2008. |
| 650 ## - SUBJECT ADDED ENTRY--TOPICAL TERM | |
| Topical term or geographic name entry element | Floor coverings |
| 9 (RLIN) | 45758 |
| 650 ## - SUBJECT ADDED ENTRY--TOPICAL TERM | |
| Topical term or geographic name entry element | Flooring |
| 9 (RLIN) | 121204 |
| 650 ## - SUBJECT ADDED ENTRY--TOPICAL TERM | |
| Topical term or geographic name entry element | Interior decoration |
| 9 (RLIN) | 8917 |
| 942 ## - ADDED ENTRY ELEMENTS (KOHA) | |
| Source of classification or shelving scheme | |
| Koha item type | Reference |
| Withdrawn status | Lost status | Source of classification or shelving scheme | Damaged status | Not for loan | Permanent Location | Current Location | Date acquired | Source of acquisition | Full call number | Barcode | Date last seen | Copy number | Cost, replacement price | Price effective from | Koha item type |
|---|---|---|---|---|---|---|---|---|---|---|---|---|---|---|---|
| School of Art Design and Architecture (SADA) | School of Art Design and Architecture (SADA) | 03/13/2017 | Donation | 747.4 CAL 2008 | SADAD0000189 | 02/23/2024 | 01 | 2171.25 | 02/23/2024 | Book | |||||
| School of Art Design and Architecture (SADA) | School of Art Design and Architecture (SADA) | 03/13/2017 | Donation | 747.4 CAL 2008 | SADAD0000190 | 02/23/2024 | 02 | 2171.25 | 02/23/2024 | Book |
